1500 1372 1365 1608 1149 1347 1596 1436 1159 1800 1125 1864 1641 1288 1486 1295 1710 1368 1908 1874 1213 1575 1083 1377 1457 1370 1210 1863 1431 1576 1818 1904 1539 1604 1248 1504 1698 1270 1088 1022 1825 1128 1626 1887 1142 1975 1334 1488 1149 1320 1569 1860 1903 1046 1778 1537 1462 1638 1657 1145 1988 1759 1999 1195 1339 1547 1340 1174 1537 1235 1290 1918 1438 1840 1080 1894 1105 1391 1900 1252 1102 1146 1205 1687 1540 1056 1695 1582 1529 1228 1407 1679 1774 1617 1657 1912 1669 1202 1377 BCNSPRNW ULIB Ver.6.0+V

เปลี่ยนเป็นภาษาไทย

Change to English
 แสดงรายละเอียดบรรณานุกรม
  กลับหน้าหลัก

Brief Record : Get Marc (ISO 2709) : E-mail record : QR code < ปิดหน้าต่าง
LEADER : 00000nam 2200000uu 4500
001    13399126637
003     ULIB
008    190129s2560||||th 000 0 tha d
020    ^a9786164072565
060    ^aWO925^bพ997ก
100    ^aไพศาล เวชชพิพัฒน์
245    ^aกุมารศัลยศาสตร์พื้นฐาน BASIC PEDIATRIC SURGERY/^cไพศาล เวชชพิพัฒน์
250    ^aพิมพ์ครั้งที่ 1
260    ^aกรุงเทพฯ :^bเท็กซ์ แอนด์ เจอร์นัล พับลิเคชั่น,^c2560
300    ^a233 หน้า:^bภาพประกอบ,^c26ซม.
650    ^aกุมารศัลยศาสตร์
650    ^aศัลยศาสตร์
945    ^p350^l0^i005017
945    ^p350^l0^i005018
945    ^p350^l0^i005015
945    ^p350^l0^i005016
945    ^p350^l0^i005019
945    ^p350^l0^i005020
999    ^aประนอม เกษจรัล
รายการนี้ยังไม่มีแท็ก
คุณยังไม่ได้ล็อกอิน คุณสามารถมีกิจกรรมร่วมกับเว็บไซต์ได้ แต่ต้องล็อกอินก่อน ::
  ล็อกอิน

รายการสื่อสารสนเทศ

ลำดับที่ ประเภท เลขเรียก/บาร์โค้ด สถานที่ สถานะ
1. วิทยาศาสตร์การแพทย์ และสุขภาพ
หนังสือสำรอง
สถานะ=หนังสือสำรอง
WO925 พ997ก ฉ.1 
  Barcode: 005015
ห้องสมุดวิทยาเขตสวรรค์ประชารักษ์
►หนังสือทั่วไป
บนชั้น
2. วิทยาศาสตร์การแพทย์ และสุขภาพ
วิทยาศาสตร์การแพทย์ และสุขภาพ
WO925 พ997ก ฉ.2 
  Barcode: 005016
ห้องสมุดวิทยาเขตสวรรค์ประชารักษ์
►หนังสือทั่วไป
บนชั้น
3. วิทยาศาสตร์การแพทย์ และสุขภาพ
วิทยาศาสตร์การแพทย์ และสุขภาพ
WO925 พ997ก ฉ.3 
  Barcode: 005017
ห้องสมุดวิทยาเขตสวรรค์ประชารักษ์
►หนังสือทั่วไป
บนชั้น
4. วิทยาศาสตร์การแพทย์ และสุขภาพ
วิทยาศาสตร์การแพทย์ และสุขภาพ
WO925 พ997ก ฉ.4 
  Barcode: 005018
ห้องสมุดวิทยาเขตสวรรค์ประชารักษ์
►หนังสือทั่วไป
บนชั้น
5. วิทยาศาสตร์การแพทย์ และสุขภาพ
วิทยาศาสตร์การแพทย์ และสุขภาพ
WO925 พ997ก ฉ.5 
  Barcode: 005019
ห้องสมุดวิทยาเขตสวรรค์ประชารักษ์
►หนังสือทั่วไป
บนชั้น
6. วิทยาศาสตร์การแพทย์ และสุขภาพ
วิทยาศาสตร์การแพทย์ และสุขภาพ
WO925 พ997ก ฉ.6 
  Barcode: 005020
ห้องสมุดวิทยาเขตสวรรค์ประชารักษ์
►หนังสือทั่วไป
บนชั้น

รายการใกล้เคียง
    ผู้แต่ง [ไพศาล เวชชพิพัฒน์]

    หัวเรื่อง [กุมารศัลยศาสตร์]
    หัวเรื่อง [ศัลยศาสตร์]

BibComment


ยังไม่เคยถูกคอมเมนท์

คอมเมนท์ทรัพยากรรายการนี้
  คอมเมนท์: กุมารศัลยศาสตร์พ..


 Copyright 2026. Bcnsprnw @Library